The emperor of all maladies : (Record no. 127050)

MARC details
000 -LEADER
campo de control de longitud fija 01423nam a22002417a 4500
003 - IDENTIFICADOR DE NÚMERO DE CONTROL
campo de control BJBSDDR
005 - FECHA Y HORA DE LA ÚLTIMA TRANSACCIÓN
campo de control 20260511172648.0
006 - CÓDIGOS DE INFORMACIÓN DE LONGITUD FIJA--CARACTERÍSTICAS DEL MATERIAL ADICIONAL
campo de control de longitud fija a|||||r|||| 00| 0
007 - CAMPO FIJO DE DESCRIPCIÓN FÍSICA--INFORMACIÓN GENERAL
campo de control de longitud fija ta
008 - DATOS DE LONGITUD FIJA--INFORMACIÓN GENERAL
campo de control de longitud fija 260511s20252010nju|||||r|||| 00| 0 eng d
020 ## - NÚMERO INTERNACIONAL ESTÁNDAR DEL LIBRO
Número Internacional Estándar del Libro 9781668047033
040 ## - FUENTE DE CATALOGACIÓN
Lengua de catalogación spa
Centro/agencia transcriptor BJBSDDR
041 ## - CÓDIGO DE IDIOMA
Código de lengua del texto/banda sonora o título independiente eng
050 ## - SIGNATURA TOPOGRÁFICA DE LA BIBLIOTECA DEL CONGRESO
Número de ítem M953e 2025
100 1# - ENTRADA PRINCIPAL--NOMBRE DE PERSONA
Nombre de persona Mukherjee, Siddhartha,
Fechas asociadas al nombre 1970-
9 (RLIN) 83
245 14 - MENCIÓN DEL TÍTULO
Título The emperor of all maladies :
Resto del título a biography of cancer /
Mención de responsabilidad, etc. Siddhartha Mukherjee.
250 ## - MENCION DE EDICION
Mención de edición paperback edition
260 ## - PUBLICACIÓN, DISTRIBUCIÓN, ETC.
Lugar de publicación, distribución, etc. New York :
Nombre del editor, distribuidor, etc. Scribner,
Fecha de publicación, distribución, etc. 2025
300 ## - DESCRIPCIÓN FÍSICA
Extensión xviii, 697 pages :
Otras características físicas illustrations (16 unnumbered pages of plates) ;
Dimensiones 25 cm
520 ## - RESUMEN, ETC.
Sumario, etc. In the years since Mukherjee dazzled readers with THE EMPEROR OF ALL MALADIES, much has changed in the universe of cancer--in our understanding of its causes; in our attempts to prevent it; and in the emerging and revolutionary new treatments, including those Mukherjee himself helped devise for leukemia and lymphoma. In four profound and revolutionary new chapters--essentially a new book about cancer--he illuminates the landscape of this disease with both a bird's-eye view and an acute focus on the role of the cell and its tissue environment. He also looks at new studies and to the future. Riveting, audacious, and now more urgent than ever in this vast updated THE EMPEROR OF ALL MALADIES is a masterpiece"--Front jacket flap.
942 ## - ELEMENTOS DE ENTRADA SECUNDARIOS (KOHA)
Fuente del sistema de clasificación o colocación Clasificación de Library of Congress
Suprimir en OPAC No
Tipo de ítem Koha Libro
946 ## - PROCESAMIENTO DE INFORMACIÓN LOCAL (OCLC)
Iniciales del agente catalogador llh
Holdings
Estatus retirado Estado de pérdida Fuente del sistema de clasificación o colocación Estado de daño No para préstamo Colección Biblioteca de origen Biblioteca actual Ubicación en estantería Fecha de adquisición Signatura topográfica completa Código de barras Visto por última vez Copia número Tipo de ítem Koha
    Clasificación de Library of Congress     Automatización y Procesos Técnicos Biblioteca Juan Bosch Biblioteca Juan Bosch Automatización y Procesos Técnicos (1er. Piso) 11/05/2026 M953e 2025 00000200081 11/05/2026 1 Libro